02335cam a2200409 a 4500999001700000001000900017005001700026008004100043010001700084015001900101016001800120020004200138020003900180020004300219020004000262035002400302040011000326042000800436050002300444100003400467245011600501260010700617300004400724500022700768504005400995505014701049520029801196600004701494600005401541700002001595700002801615710003701643710003901680710005001719942003401769952012201803 c25085d250851618589020170130160303.0100414s2010 txua bc 000 0 eng  a 2010926781 aGBB0669652bnb7 a0155660492Uk a9780300166118 (trade ed. : hardcover) a0300166117 (trade ed. : hardcover) a9780939594672 (museum ed. : paperback) a0939594676 (museum ed. : paperback) a(OCoLC)ocn636908011 aDLCcSTFdUKMdBTCTAdERASAdYDXCPdC#PdBWXdCDXdUKTTEdGZMdPMCdUKWOHdFDAdCUKdUKMGBdMIXdVP@dDLC apcc00aN6889b.S42A4 20101 aSchwitters, Kurt,d1887-1948.10aKurt Schwitters :bcolor and collage /cedited by Isabel Schulz ; contributions by Leah Dickerman ... [et al.]. aHouston, Tex. :bMenil Collection ;aNew Haven, Conn. :bDistributed by Yale University Press,cc2010. a176 p. :bill. (chiefly col.) ;c30 cm. aThe Menil Collection, Houston, October 22, 2010-January 30, 2011; Princeton University Art Museum, March 26-June 26, 2011; University of California, Berkeley Art Museum and Pacific Film Archive, August 3-November 27, 2011. aIncludes bibliographical references (p. 171-174).00tKurt Schwitters : color and collage /rIsabel Schulz --tSchwitters fec. /rLeah Dickerman --tKurt Schwitters's Merzbau /rGwendolen Webster.8 aBest known for his extraordinary abstract collages, Kurt Schwitters is one of the most influential figures of the international avant-garde. This volume emphasizes the significance of colour and light in the artist's work, as well as delving into the relationship between collage and painting.10aSchwitters, Kurt,d1887-1948vExhibitions.17aSchwitters, Kurt,d1887-1948vExhibitions.2sears1 aSchulz, Isabel.1 aDickerman, Leah,d1964-2 aMenil Collection (Houston, Tex.)2 aPrinceton University.bArt Museum.2 aBerkeley Art Museum and Pacific Film Archive. 2lcccBOOKShN6889 .S42A4 2010 00102lcc4070aMUCbMUCcGENd2017-01-30eDonation(BFA)l0oN6889 .S42A4 2010p32684r2017-01-30w2017-01-30yBOOKS